| 000 | 00403nam a22001577a 4500 | ||
|---|---|---|---|
| 003 | OSt | ||
| 005 | 20230406142242.0 | ||
| 008 | 230406b |||||||| |||| 00| 0 eng d | ||
| 020 | _a978-0-19-833748-5 | ||
| 040 | _cCML | ||
| 082 | _a820BEA | ||
| 245 |
_aAQA ENGLISH LITERATURE B _cBY BEARD ADRAIAN et al |
||
| 260 |
_aOXFORD _bOXFORD UNIVERSITY PRESS _c2015 |
||
| 300 | _a272p. | ||
| 942 |
_2ddc _cBK _k820 _mBEA |
||
| 999 |
_c4025 _d4025 |
||